|
|
|
|
| LEADER |
00000nab a2200000uu 4500 |
| 001 |
vtls010883431 |
| 003 |
SK-MaSNL |
| 005 |
20260303145054.0 |
| 008 |
230222|1961 xo |||||||||||||||||slo| |
| 015 |
|
|
|a SNBRB
|
| 035 |
|
|
|a (urnnbn)urn:nbn:sk:snk:ar-0025h2
|
| 035 |
|
|
|a (uuid)a4691f7c-7920-4b74-94cc-24d0409baea4
|
| 035 |
|
|
|a urn:nbn:sk:snk-ab8eyn
|
| 040 |
|
|
|a SNKBUCL
|b slo
|c SNKBUCL
|e AACR2
|
| 041 |
0 |
|
|a slo
|
| 044 |
|
|
|a xo
|c SK
|
| 100 |
1 |
|
|a Šedivá, Viera
|4 aut
|9 766787
|
| 245 |
1 |
0 |
|a LIBUŠA
|c Viera Šedivá
|
| 773 |
0 |
|
|t Slovenská hudba : revue pre hudobnú kultúru
|g Roč. 5, č. 7-8 (1961), s. 333-334
|
| 954 |
|
|
|a odborná, vedecká literatúra pôvodná (slovenská)
|2 lita
|
| 958 |
|
|
|a OND
|
| 958 |
|
|
|a EUIPO
|
| 958 |
|
|
|a article10
|
| 999 |
|
|
|c 2000244
|d 2002174
|